Cathédrales et églises de France en images - Clic quiz - #7 - Statistiques

Statistiques générales
  • Ce quiz a été pris 59 fois
  • Le résultat moyen est 5 sur 8
Statistiques - réponses
Hint Réponse % Correct
Nice
81%
Montauban
63%
Caen
60%
Orléans
60%
Bordeaux
56%
Troyes
54%
Le Mans
50%
Toul
44%
Aucun quiz correspondant
Distribution des résultats
% des personnes avec chaque résultat
Percentile par nombre de réponses
Votre historique - résultats
Vous n’avez pas pris ce quiz